NCAA College Hockey Teams on a Map - Statistics

General Stats
  • This quiz has been taken 387 times
    380 since last reset
  • The average score is 46 of 63
Answers on the Map
Answers color-coded by a green-red scale on the quiz's map according to % correct below.
 
Answer Stats
Answer % Correct
Minnesota
98%
Michigan
96%
Arizona St
95%
Denver
95%
North Dakota
95%
Penn State
95%
Maine
94%
Wisconsin
94%
Boston College
93%
Michigan State
93%
Ohio State
93%
New Hampshire
90%
Vermont
90%
Western Michigan
90%
Alaska - Anchorage
89%
Harvard
89%
Boston University
88%
Notre Dame
88%
Massachusetts
87%
Nebraska - Omaha
87%
Minnesota - Duluth
86%
Connecticut
85%
Dartmouth
83%
Air Force
82%
Alaska - Fairbanks
82%
Minnesota State
82%
Yale
81%
Brown
80%
Princeton
79%
Providence
77%
Cornell
76%
Northern Michigan
75%
Army
73%
Miami of Ohio
73%
St. Cloud State
73%
Michigan Tech
70%
Niagara
70%
Bowling Green
68%
Colorado College
68%
Quinnipiac
67%
Northeastern
65%
Lake Superior State
64%
Bemidji State
62%
St. Thomas
62%
Lindenwood
60%
Long Island
60%
Massachusetts - Lowell
60%
Mercyhurst
56%
Colgate
55%
Robert Morris
53%
Rochester Institute of Technology
53%
Sacred Heart
53%
Canisius
52%
Merrimack
52%
Stonehill
51%
Ferris State
50%
Holy Cross
50%
Augustana
49%
Union
48%
Clarkson
44%
Bentley
41%
St. Lawrence
40%
Rensselaer
37%
No matching quizzes found
Score Distribution
Percent of People with Each Score
Percentile by Number Answered
Your Score History
You have not taken this quiz since the last reset